[Event "Egypt Open 2016"]
[Site "Eastern Company Club"]
[Date "2016.04.23"]
[Round "2"]
[Board "43"]
[White "Mahrous, Selim"]
[Black "Sultan, Mohamed"]
[Result "0-1"]
[WhiteElo "1895"]
[BlackElo "2126"]
[PlyCount "104"]
[EventDate "2016.04.22"]
[EventRounds "9"]
[EventCountry "EGY"]

1. d4 d5 2. c4 c6 3. Nc3 Nf6 4. e3 Bf5 5. Nf3 e6 6. cxd5 exd5 7. Bd3 Bg4 8. h3
Bh5 9. Qb3 Qb6 10. Qxb6 axb6 11. Ne5 Bg6 12. Nxg6 hxg6 13. e4 Bb4 14. e5 Nfd7
15. Bd2 Nf8 16. a3 Ne6 17. O-O Be7 18. Ne2 g5 19. Be3 g6 20. f4 gxf4 21. Nxf4
Bg5 22. Rad1 Bxf4 23. Bxf4 Nxd4 24. Be3 Ne6 25. Bxb6 Nd7 26. Bf2 Nxe5 27. Bc2
Nc4 28. Rde1 Nd2 29. Bd4 O-O 30. Rf2 Nxd4 31. Rxd2 Nxc2 32. Rxc2 Rfe8 33. Rf1
Re4 34. Rcf2 f5 35. Rf3 Rae8 36. Rb3 R8e7 37. Rff3 Re1+ 38. Kf2 R7e2+ 39. Kg3
Rb1 40. Rxb7 Rbxb2 41. Rxb2 Rxb2 42. Rc3 Rb6 43. Kf4 Kf7 44. Ke5 Ke7 45. Rg3
Kf7 46. Kd6 Ra6 47. Rc3 Kf6 48. h4 g5 49. h5 g4 50. a4 f4 51. Rc1 Kg5 52. Kc7
f3 0-1

[Event "Egypt Open 2016"]
[Site "Eastern Company Club"]
[Date "2016.04.23"]
[Round "2"]
[Board "44"]
[White "M.Amer, Hossam"]
[Black "Aboud, Essam"]
[Result "1-0"]
[WhiteElo "2125"]
[BlackElo "1891"]
[PlyCount "21"]
[EventDate "2016.04.22"]
[EventRounds "9"]
[EventCountry "EGY"]

1. d4 d6 2. c4 g6 3. Nc3 Bg7 4. e4 h6 5. f4 Nd7 6. Nf3 e6 7. Bd3 Ne7 8. O-O f5
9. e5 O-O 10. Qe2 dxe5 11. fxe5 1-0

[Event "Egypt Open 2016"]
[Site "Eastern Company Club"]
[Date "2016.04.23"]
[Round "2"]
[Board "45"]
[White "Aly, Elhares"]
[Black "Abbas, Ahmed"]
[Result "1/2-1/2"]
[WhiteElo "2104"]
[BlackElo "1885"]
[PlyCount "98"]
[EventDate "2016.04.22"]
[EventRounds "9"]
[EventCountry "EGY"]

1. e4 c5 2. Nf3 g6 3. d4 cxd4 4. Nxd4 Nc6 5. c4 Bg7 6. Be3 Nf6 7. Nc3 O-O 8.
Be2 b6 9. Qd2 Bb7 10. f3 Nh5 11. g4 Nxd4 12. Bxd4 Bxd4 13. Qxd4 Nf4 14. h4 Qc7
15. O-O-O Rfd8 16. Rhf1 d5 17. exd5 Nxd5 18. cxd5 Rxd5 19. Qe3 Rxd1+ 20. Kxd1
Rd8+ 21. Kc2 Rd6 22. Bd3 Re6 23. Be4 Qg3 24. Rd1 Bxe4+ 25. Nxe4 Qxh4 26. Rd8+
Kg7 27. Qd4+ f6 28. Qd5 Qh2+ 29. Kb3 Qe5 30. Qxe5 Rxe5 31. Rd7 h5 32. gxh5 gxh5
33. Kc4 h4 34. Rd2 Kg6 35. Kd4 Rh5 36. Rh2 Kf5 37. Ke3 Kg6 38. f4 e5 39. fxe5
fxe5 40. Rh3 Kh6 41. a3 Kg6 42. Nd2 Kf5 43. Rh1 Rh6 44. Ne4 Rh7 45. Rh2 Rh6 46.
Rc2 Re6 47. Rh2 Rh6 48. Rd2 Re6 49. Rg2 Rh6 1/2-1/2

[Event "Egypt Open 2016"]
[Site "Eastern Company Club"]
[Date "2016.04.23"]
[Round "2"]
[Board "47"]
[White "Ahmed, Moustafa Elsayed"]
[Black "Farouk, Mohamed"]
[Result "1-0"]
[WhiteElo "2097"]
[BlackElo "1884"]
[PlyCount "61"]
[EventDate "2016.04.22"]
[EventRounds "9"]
[EventCountry "EGY"]

1. d4 Nf6 2. c4 g6 3. Nc3 Bg7 4. e4 d6 5. Be2 O-O 6. Bg5 h6 7. Be3 e5 8. d5
Nbd7 9. f3 Nh5 10. Qd2 Nf4 11. Bf1 g5 12. g3 Ng6 13. h4 f6 14. Nh3 Rf7 15. Nf2
b6 16. O-O-O a5 17. Bh3 Nc5 18. Kb1 a4 19. Bf5 Ne7 20. g4 Nxf5 21. gxf5 Bd7 22.
hxg5 hxg5 23. Rh5 Kf8 24. Rh7 Be8 25. Rdh1 Ke7 26. Bxg5 fxg5 27. Qxg5+ Kd7 28.
Rxg7 Qxg5 29. Rxg5 Nd3 30. Rh6 Nf4 31. Re6 1-0

[Event "Egypt Open 2016"]
[Site "Eastern Company Club"]
[Date "2016.04.23"]
[Round "2"]
[Board "48"]
[White "Hussain, Abdel Naser"]
[Black "Ibrahim, Hosam"]
[Result "1-0"]
[WhiteElo "1884"]
[BlackElo "2097"]
[PlyCount "65"]
[EventDate "2016.04.22"]
[EventRounds "9"]
[EventCountry "EGY"]

1. e4 e5 2. Nf3 Nc6 3. Bc4 Nf6 4. Qe2 Be7 5. c3 O-O 6. Bb3 d5 7. d3 dxe4 8.
dxe4 Bg4 9. h3 Bd7 10. Nbd2 Qc8 11. Nc4 Be6 12. Bg5 h6 13. Bh4 Nh5 14. Bxe7 Nf4
15. Qf1 Nxe7 16. O-O-O f6 17. g3 Nfg6 18. h4 b5 19. Ne3 Bxb3 20. axb3 c6 21. h5
Nh8 22. Nh4 Qe6 23. Nhf5 Nxf5 24. Nxf5 Nf7 25. Qe2 Rad8 26. Qg4 Ng5 27. Rhe1 a5
28. f4 Rxd1+ 29. Rxd1 exf4 30. gxf4 b4 31. Rg1 Nf7 32. Nxg7 Qxg4 33. Rxg4 1-0

[Event "Egypt Open 2016"]
[Site "Eastern Company Club"]
[Date "2016.04.23"]
[Round "2"]
[Board "50"]
[White "Masoud, Mohamed Helmy"]
[Black "Shafek, Mohamed"]
[Result "1/2-1/2"]
[WhiteElo "1879"]
[BlackElo "2091"]
[PlyCount "90"]
[EventDate "2016.04.22"]
[EventRounds "9"]
[EventCountry "EGY"]

1. d4 Nf6 2. Nf3 g6 3. g3 Bg7 4. Bg2 d6 5. c4 O-O 6. Nc3 Nbd7 7. Bf4 Nh5 8. Qd2
Nxf4 9. gxf4 c5 10. O-O-O Qa5 11. Kb1 cxd4 12. Nxd4 Qc5 13. b3 Bxd4 14. Qxd4
Qxd4 15. Rxd4 Nf6 16. Bf3 Rb8 17. e4 Bg4 18. Bxg4 Nxg4 19. h3 Nh6 20. Re1 Rbc8
21. Kb2 a6 22. a4 Rc5 23. Rd5 Rfc8 24. Red1 Kf8 25. e5 Nf5 26. Ne4 Rxd5 27.
Rxd5 Rc6 28. Kc3 Ke8 29. a5 b5 30. axb6 Rxb6 31. b4 Rc6 32. c5 dxc5 33. Rxc5
Kd7 34. Kc4 h6 35. Kd5 Rb6 36. Kc4 Ng7 37. Ra5 Ne6 38. Nc5+ Nxc5 39. bxc5 Rb2
40. Rxa6 Rxf2 41. Kd5 Rd2+ 42. Ke4 Re2+ 43. Kd5 Rd2+ 44. Ke4 Re2+ 45. Kd5 Rd2+
 1/2-1/2

[Event "Egypt Open 2016"]
[Site "Eastern Company Club"]
[Date "2016.04.23"]
[Round "2"]
[Board "51"]
[White "Youssef, Fady"]
[Black "Kamel, Nabil"]
[Result "1-0"]
[WhiteElo "1844"]
[BlackElo "2085"]
[PlyCount "121"]
[EventDate "2016.04.22"]
[EventRounds "9"]
[EventCountry "EGY"]

1. e4 b6 2. d4 Bb7 3. Nc3 e6 4. Nf3 Bb4 5. Bd3 Nf6 6. Qe2 d5 7. exd5 Nxd5 8.
Bd2 a6 9. O-O Nxc3 10. bxc3 Be7 11. Rfe1 Nd7 12. c4 Bf6 13. Rad1 O-O 14. Bf4 g6
15. Be4 Qc8 16. Ne5 Nxe5 17. dxe5 Bg7 18. Bg5 Rb8 19. Rd3 b5 20. c5 Bd5 21. Rh3
Qb7 22. Qg4 Bxe4 23. Qh4 h5 24. Qxe4 Qxe4 25. Rxe4 Rfe8 26. Rd3 Bf8 27. g4 hxg4
28. Rxg4 Bg7 29. f4 Rbc8 30. Rh3 Rcd8 31. Bxd8 Rxd8 32. Rd3 Rc8 33. Kf1 c6 34.
Rgg3 Bf8 35. Rc3 a5 36. h4 Bh6 37. Rg4 Kh7 38. Rd3 Rc7 39. Rd8 a4 40. Ke2 Bg7
41. h5 gxh5 42. Rg5 f6 43. Rxh5+ Kg6 44. Rh1 fxe5 45. fxe5 Kf5 46. Kf3 Kxe5 47.
Rh5+ Kf6 48. Ke4 Kg6 49. Rh1 Kf7 50. Rg1 Bf6 51. Rf1 Ke7 52. Rd3 Bg7 53. Rg3
Ke8 54. Rg6 Re7 55. Rd1 Kf7 56. Rdg1 Bf6 57. Rh6 Bg7 58. Rh7 Kg8 59. Rh6 Rd7
60. Rxe6 Rc7 61. Rd1 1-0

[Event "Egypt Open 2016"]
[Site "Eastern Company Club"]
[Date "2016.04.23"]
[Round "2"]
[Board "53"]
[White "Taha, Shereif"]
[Black "Aboutail, Mohamed"]
[Result "0-1"]
[WhiteElo "1784"]
[BlackElo "2078"]
[PlyCount "71"]
[EventDate "2016.04.22"]
[EventRounds "9"]
[EventCountry "EGY"]

1. e4 c5 2. c4 Nc6 3. f4 g6 4. Nf3 Bg7 5. Nc3 d6 6. Be2 e6 7. O-O Nge7 8. g4 f5
9. gxf5 gxf5 10. Ng5 O-O 11. d3 b6 12. Qe1 h6 13. Nf3 Bb7 14. Qh4 Nd4 15. Bd1
Nec6 16. Qh3 Qf6 17. Kh1 Nb4 18. Nh4 Nxd3 19. Nxf5 exf5 20. Qxd3 fxe4 21. Qe3
Nf5 22. Qh3 Rae8 23. Bh5 e3+ 24. Kg1 Re7 25. Rb1 Qe6 26. Nd5 Bxd5 27. cxd5 Qe4
28. Bxe3 Qxe3+ 29. Qxe3 Nxe3 30. Rf3 Nxd5 31. f5 Bd4+ 32. Kh1 Rg7 33. Re1 Rg5
34. Rh3 Nf4 35. Bf7+ Kxf7 36. Rxh6 0-1

[Event "Egypt Open 2016"]
[Site "Eastern Company Club"]
[Date "2016.04.23"]
[Round "2"]
[Board "54"]
[White "Abdo, Mohamed Amin"]
[Black "Elgazar, Saeed"]
[Result "1-0"]
[WhiteElo "2077"]
[BlackElo "1711"]
[PlyCount "32"]
[EventDate "2016.04.22"]
[EventRounds "9"]
[EventCountry "EGY"]

1. e4 e5 2. Nf3 Nc6 3. d4 exd4 4. c3 dxc3 5. Nxc3 Bb4 6. Bc4 d6 7. Qb3 Bxc3+ 8.
bxc3 Qf6 9. O-O Nge7 10. e5 dxe5 11. Bg5 Qg6 12. Bxe7 Nxe7 13. Nxe5 Qb6 14.
Bb5+ c6 15. Qxf7+ Kd8 16. Rad1+ Kc7 1-0

[Event "Egypt Open 2016"]
[Site "Eastern Company Club"]
[Date "2016.04.23"]
[Round "2"]
[Board "55"]
[White "Gad Elrab, Ahmed"]
[Black "Abdel Meged, Mohamed"]
[Result "1/2-1/2"]
[WhiteElo "1622"]
[BlackElo "2075"]
[PlyCount "123"]
[EventDate "2016.04.22"]
[EventRounds "9"]
[EventCountry "EGY"]

1. e4 c5 2. Nf3 Nc6 3. c3 d5 4. exd5 Qxd5 5. d4 Bg4 6. Be2 e6 7. Be3 cxd4 8.
cxd4 Bb4+ 9. Nc3 Qa5 10. O-O Nf6 11. Qc2 O-O 12. Ne4 Be7 13. Nfg5 Bf5 14. Nxf6+
Bxf6 15. Qc5 Qxc5 16. dxc5 Bxb2 17. Rab1 Bxb1 18. Rxb1 Bd4 19. Rxb7 Rab8 20.
Rc7 Bxe3 21. fxe3 Rbc8 22. Rb7 a5 23. Ne4 Rb8 24. Rc7 Rbc8 25. Rd7 Rb8 26. Rc7
Rfc8 27. Rd7 Rb2 28. Ba6 Rd8 29. Rc7 Nb4 30. Bf1 Nd5 31. Ra7 Nxe3 32. c6 Rb1
33. Kf2 Ng4+ 34. Kg3 Rxf1 35. c7 Rf8 36. Nd6 Rc1 37. Kxg4 Rc6 38. c8=Q Rfxc8
39. Nxc8 Rxc8 40. Rxa5 f5+ 41. Kf4 Rc2 42. Kf3 Kf7 43. Ra7+ Kf6 44. a4 h6 45.
a5 g5 46. h3 h5 47. Ra8 Rc3+ 48. Kf2 h4 49. a6 Ke5 50. a7 Ra3 51. Ke2 g4 52.
hxg4 fxg4 53. Rg8 Rxa7 54. Rxg4 Rh7 55. Kf3 Rh5 56. Ra4 Kf5 57. Rf4+ Kg5 58.
Rf8 e5 59. Ke4 Kg4 60. Rf3 Rg5 61. Re3 Rf5 62. Kd3 1/2-1/2

[Event "Egypt Open 2016"]
[Site "Eastern Company Club"]
[Date "2016.04.23"]
[Round "2"]
[Board "56"]
[White "Ashraf, Shereif"]
[Black "Mahmoud, Mahetab"]
[Result "1-0"]
[WhiteElo "2073"]
[BlackElo "1592"]
[PlyCount "39"]
[EventDate "2016.04.22"]
[EventRounds "9"]
[EventCountry "EGY"]

1. e4 e6 2. d3 d5 3. Nd2 Nc6 4. g3 Bd6 5. Bg2 f5 6. Ngf3 Be7 7. O-O Nf6 8. exf5
O-O 9. fxe6 Bxe6 10. h3 Nd7 11. Nb3 Qe8 12. Re1 Qg6 13. Nbd4 Nc5 14. b4 Bxh3
15. Bxh3 Na4 16. Ne6 Bxb4 17. d4 Rf7 18. Ne5 Qf6 19. Nxf7 Kxf7 20. Ng5+ 1-0

[Event "Egypt Open 2016"]
[Site "Eastern Company Club"]
[Date "2016.04.23"]
[Round "2"]
[Board "58"]
[White "El Shenawy, Ashraf"]
[Black "Abdin, Saiid"]
[Result "0-1"]
[WhiteElo "2072"]
[BlackElo "1969"]
[PlyCount "75"]
[EventDate "2016.04.22"]
[EventRounds "9"]
[EventCountry "EGY"]

1. d4 d5 2. Nc3 Bf5 3. Nf3 e6 4. Bf4 c5 5. e3 Nc6 6. Bd3 Bxd3 7. Qxd3 cxd4 8.
Nxd4 Bb4 9. O-O Nge7 10. Nce2 e5 11. Nxc6 Nxc6 12. Bg3 Qd7 13. Rfd1 Rd8 14. a3
Ba5 15. Bh4 f6 16. b4 Bb6 17. Qb3 Qg4 18. Ng3 Ne7 19. c4 dxc4 20. Rxd8+ Bxd8
21. Qa4+ Kf7 22. h3 Qxh4 23. Qxa7 c3 24. Qc5 Re8 25. Rd1 g6 26. Rd7 f5 27. Rxb7
Qf6 28. Qxc3 h5 29. b5 Qe6 30. a4 h4 31. Nf1 Qd5 32. Ra7 Bb6 33. Ra6 Rc8 34.
Qa1 Bd8 35. Kh1 Rc7 36. e4 Qxe4 37. Nd2 Rc4 38. Nxc4 0-1

[Event "Egypt Open 2016"]
[Site "Eastern Company Club"]
[Date "2016.04.24"]
[Round "3"]
[Board "3"]
[White "Ameir, Moheb"]
[Black "Ibrahim, Mohamed"]
[Result "1-0"]
[WhiteElo "2430"]
[BlackElo "2137"]
[PlyCount "69"]
[EventDate "2016.04.22"]
[EventRounds "9"]
[EventCountry "EGY"]

1. e4 c6 2. d4 d5 3. e5 c5 4. Nf3 Nc6 5. dxc5 Bg4 6. Bb5 e6 7. Be3 Nge7 8. c3
Nf5 9. Bxc6+ bxc6 10. Qa4 Nxe3 11. fxe3 Bxf3 12. Qxc6+ Ke7 13. gxf3 f6 14. Qb7+
Ke8 15. exf6 gxf6 16. b4 Be7 17. Nd2 Kf7 18. Nb3 Qg8 19. O-O-O Qg2 20. Qa6 Qxf3
21. Qxe6+ Kxe6 22. Nd4+ Kf7 23. Nxf3 a5 24. a3 axb4 25. axb4 Ra2 26. Nd4 Rg8
27. Nc2 Ke6 28. Rhg1 Rga8 29. Rg7 f5 30. Rxh7 Bf6 31. Rh6 Kf7 32. Rxd5 Bxc3 33.
Rxf5+ Kg7 34. Rd6 R8a4 35. c6 1-0

[Event "Egypt Open 2016"]
[Site "Eastern Company Club"]
[Date "2016.04.24"]
[Round "3"]
[Board "4"]
[White "Lotfy, Abdel Rahman"]
[Black "Labib, Ibrahim Hasan"]
[Result "0-1"]
[WhiteElo "2156"]
[BlackElo "2424"]
[PlyCount "66"]
[EventDate "2016.04.22"]
[EventRounds "9"]
[EventCountry "EGY"]

1. d4 Nf6 2. c4 e6 3. Nf3 b6 4. a3 Bb7 5. Nc3 g6 6. Bf4 Bg7 7. e3 d6 8. Be2
Nbd7 9. O-O O-O 10. h3 Qe7 11. Rc1 e5 12. Bh2 a6 13. c5 bxc5 14. dxe5 dxe5 15.
Na4 Rab8 16. Qc2 Be4 17. Qd2 Bc6 18. Nc3 e4 19. Ne1 Nb6 20. Bxa6 Rfd8 21. Qe2
Nfd5 22. Nxd5 Nxd5 23. b4 Nc3 24. Qc4 Bd5 25. Qxc3 Bxc3 26. Rxc3 cxb4 27. axb4
Qf6 28. Ra3 Qb2 29. Ra5 Rxb4 30. Bxc7 Rd7 31. Rc5 Ra4 32. Bb5 Rxc7 33. Rxd5 Ra5
 0-1

[Event "Egypt Open 2016"]
[Site "Eastern Company Club"]
[Date "2016.04.24"]
[Round "3"]
[Board "6"]
[White "M.Amer, Hossam"]
[Black "Hesham, Abdelrahman"]
[Result "0-1"]
[WhiteElo "2125"]
[BlackElo "2390"]
[PlyCount "84"]
[EventDate "2016.04.22"]
[EventRounds "9"]
[EventCountry "EGY"]

1. d4 d5 2. Nf3 Nf6 3. c4 e6 4. Bg5 c6 5. Nc3 dxc4 6. a4 Bb4 7. Rc1 Nbd7 8. Nd2
h6 9. Bxf6 Qxf6 10. Nxc4 e5 11. dxe5 Nxe5 12. Nxe5 Qxe5 13. g3 h5 14. Bg2 h4
15. Qd3 Bf5 16. Qc4 a5 17. O-O hxg3 18. hxg3 Be6 19. Qe4 Qxe4 20. Nxe4 O-O-O
21. Bf3 Rhe8 22. Nc5 Bd5 23. e4 Ba2 24. Bg4+ Kc7 25. f4 Rd4 26. e5 Bc4 27. Rxc4
Rxc4 28. Nd3 Bc5+ 29. Kg2 Rd8 30. Be2 Rc2 31. Kf3 Bb6 32. f5 Rd2 33. Nf4 Rxb2
34. Bc4 Rdd2 35. Rh1 Rf2+ 36. Kg4 Rb4 37. Bxf7 Be3 38. Be6 Bxf4 39. gxf4 Rfxf4+
40. Kg5 Rg4+ 41. Kh5 Rg2 42. Rf1 Re4 0-1

[Event "Egypt Open 2016"]
[Site "Eastern Company Club"]
[Date "2016.04.24"]
[Round "3"]
[Board "7"]
[White "Ahmed, Moustafa Elsayed"]
[Black "L'ami, Alina"]
[Result "1/2-1/2"]
[WhiteElo "2097"]
[BlackElo "2348"]
[PlyCount "99"]
[EventDate "2016.04.22"]
[EventRounds "9"]
[EventCountry "EGY"]

1. d4 Nf6 2. c4 g6 3. Nc3 Bg7 4. e4 d6 5. Be2 O-O 6. Bg5 Na6 7. Qd2 c6 8. Nf3
e5 9. d5 cxd5 10. Nxd5 Nxe4 11. Bxd8 Nxd2 12. Be7 Nxf3+ 13. Bxf3 Re8 14. Bxd6
e4 15. Be2 Be6 16. O-O-O Rad8 17. Ba3 f5 18. Kb1 Kf7 19. Nf4 Be5 20. Nxe6 Kxe6
21. h4 Bd4 22. Rhf1 Nb8 23. f3 e3 24. f4 Nc6 25. Bf3 Kf6 26. Rfe1 h6 27. b4 Bc3
28. Rxd8 Nxd8 29. Bb2 Bxb2 30. Kxb2 g5 31. hxg5+ hxg5 32. g3 g4 33. Bd5 e2 34.
b5 b6 35. Kc2 Ne6 36. Bxe6 Rxe6 37. Kd3 Rd6+ 38. Kxe2 Rd4 39. Rc1 Ke6 40. Ke3
Re4+ 41. Kd3 Kd6 42. Rh1 Kc5 43. Rh5 Rd4+ 44. Ke2 Rxc4 45. Rxf5+ Kd4 46. Rg5
Rc2+ 47. Kd1 Rxa2 48. Rxg4 Kd3 49. Kc1 Kc3 50. Kd1 1/2-1/2

[Event "Egypt Open 2016"]
[Site "Eastern Company Club"]
[Date "2016.04.24"]
[Round "3"]
[Board "8"]
[White "Wageih, Kareim"]
[Black "Mohamed Ahmed, Esam"]
[Result "1-0"]
[WhiteElo "2336"]
[BlackElo "2092"]
[PlyCount "45"]
[EventDate "2016.04.22"]
[EventRounds "9"]
[EventCountry "EGY"]

1. d4 Nf6 2. Nf3 g6 3. c4 Bg7 4. Nc3 O-O 5. e3 d6 6. Be2 Nbd7 7. O-O e5 8. b4
a5 9. b5 b6 10. Qc2 Bb7 11. Re1 Re8 12. Ba3 exd4 13. exd4 Ne4 14. Nd5 f5 15.
Rad1 Bxd5 16. cxd5 Ndf6 17. Bd3 Qd7 18. Re2 Re7 19. Bc4 Rae8 20. Ne5 Qc8 21.
Nc6 Rd7 22. Rde1 Kf8 23. Qc1 1-0

[Event "Egypt Open 2016"]
[Site "Eastern Company Club"]
[Date "2016.04.24"]
[Round "3"]
[Board "9"]
[White "Aboutail, Mohamed"]
[Black "Sarwat, Walaa"]
[Result "0-1"]
[WhiteElo "2078"]
[BlackElo "2326"]
[PlyCount "108"]
[EventDate "2016.04.22"]
[EventRounds "9"]
[EventCountry "EGY"]

1. c4 e5 2. g3 Nf6 3. Bg2 Nc6 4. Nc3 Bb4 5. d3 Bxc3+ 6. bxc3 O-O 7. Nh3 d6 8.
e4 Ne8 9. Rb1 Rb8 10. O-O f5 11. exf5 Bxf5 12. Bd5+ Kh8 13. g4 Bd7 14. Ng5 Nf6
15. Nf7+ Rxf7 16. Bxf7 Bxg4 17. f3 Bf5 18. Bd5 Nxd5 19. cxd5 Ne7 20. Bg5 h6 21.
Bxe7 Qxe7 22. Qd2 Qf7 23. Qe3 b6 24. Rb2 Qxd5 25. Rd2 Rf8 26. d4 exd4 27. cxd4
Rf6 28. Rc1 Re6 29. Qb3 Rg6+ 30. Kf2 Qa5 31. Re2 Kh7 32. Rxc7 Bh3 33. Qc2 Qg5
34. Ree7 Qg1+ 35. Ke2 Bf1+ 36. Kd2 Qxd4+ 37. Kc1 Bd3 38. Qc3 Qg1+ 39. Kb2 Bf5
40. h4 Rg2+ 41. Ka3 Bb1 42. Kb4 Bf5 43. Rxa7 Qb1+ 44. Kc4 b5+ 45. Kd5 Qg1 46.
Kxd6 Qb6+ 47. Kd5 Be6+ 48. Rxe6 Qxa7 49. Qd3+ Kg8 50. Ke4 Qc7 51. Ke3 Rxa2 52.
Rd6 Ra3 53. Rd8+ Qxd8 54. Qxa3 Qxh4 0-1

[Event "Egypt Open 2016"]
[Site "Eastern Company Club"]
[Date "2016.04.24"]
[Round "3"]
[Board "11"]
[White "Ashraf, Shereif"]
[Black "Fadi, Marko"]
[Result "1-0"]
[WhiteElo "2073"]
[BlackElo "2276"]
[PlyCount "71"]
[EventDate "2016.04.22"]
[EventRounds "9"]
[EventCountry "EGY"]

1. e4 c6 2. d4 d5 3. Nc3 dxe4 4. Nxe4 Nd7 5. Ng5 Ngf6 6. Bc4 e6 7. Ne2 Nb6 8.
Bb3 c5 9. c3 Be7 10. O-O O-O 11. Ng3 c4 12. Bc2 Nbd5 13. N3e4 Qc7 14. a4 b6 15.
Ng3 Bb7 16. Qe2 Rac8 17. f4 Ne8 18. h4 g6 19. h5 Ng7 20. hxg6 fxg6 21. Qg4 Nf6
22. Qh3 Nf5 23. Ne2 Be4 24. Bd1 Bd6 25. g4 Ng7 26. Ng3 Ba8 27. Bc2 Qb7 28. Rf2
Qb8 29. Rh2 Nge8 30. Bxg6 Rc7 31. Be4 Bxe4 32. N5xe4 Rff7 33. Be3 a6 34. f5
Rcd7 35. g5 exf5 36. Nxf5 1-0

[Event "Egypt Open 2016"]
[Site "Eastern Company Club"]
[Date "2016.04.24"]
[Round "3"]
[Board "12"]
[White "Yousry, Salah"]
[Black "Darwish, Refaat"]
[Result "1/2-1/2"]
[WhiteElo "2266"]
[BlackElo "2064"]
[PlyCount "104"]
[EventDate "2016.04.22"]
[EventRounds "9"]
[EventCountry "EGY"]

1. e4 c5 2. a3 Nc6 3. b4 cxb4 4. axb4 Nxb4 5. d4 e6 6. c3 Na6 7. Nf3 Ne7 8. Na3
Nc7 9. e5 Ng6 10. Nc4 d5 11. exd6 Bxd6 12. Qa4+ b5 13. Nxd6+ Qxd6 14. Qa5 Bd7
15. Ba3 Qb6 16. Bc5 Qxa5 17. Rxa5 a6 18. Kd2 Bc6 19. Bd3 Kd7 20. Bxg6 Bxf3 21.
Bxf7 Bd5 22. Bh5 g6 23. Bf3 Bxf3 24. gxf3 Kc6 25. Rha1 e5 26. c4 exd4 27. Bxd4
Rhd8 28. Ke3 Re8+ 29. Kd3 Rad8 30. Rxa6+ Nxa6 31. Rxa6+ Kb7 32. cxb5 Ra8 33.
Rb6+ Kc7 34. Rf6 Rf8 35. Rc6+ Kb7 36. Ke4 Rae8+ 37. Kd3 Rxf3+ 38. Be3 Rf5 39.
Rb6+ Kc7 40. Rc6+ Kb7 41. Ra6 Ra8 42. Rd6 Rxb5 43. Rd7+ Kc6 44. Rxh7 Ra3+ 45.
Ke4 Rf5 46. f4 Rf8 47. Re7 Ra4+ 48. Kd3 Kd6 49. Re5 Raxf4 50. Bxf4 Rxf4 51. Rg5
Rf6 52. Ke4 Ke6 1/2-1/2

[Event "Egypt Open 2016"]
[Site "Eastern Company Club"]
[Date "2016.04.24"]
[Round "3"]
[Board "14"]
[White "Yasseen, Aly"]
[Black "Abdel Razik, Ahmed"]
[Result "1-0"]
[WhiteElo "2265"]
[BlackElo "2054"]
[PlyCount "55"]
[EventDate "2016.04.22"]
[EventRounds "9"]
[EventCountry "EGY"]

1. e4 c5 2. Nf3 d6 3. d4 cxd4 4. Nxd4 Nf6 5. Nc3 a6 6. Bc4 e6 7. a3 Be7 8. Ba2
Qc7 9. O-O O-O 10. Kh1 Nc6 11. f4 d5 12. exd5 exd5 13. f5 Rd8 14. Be3 b5 15.
Nxc6 Qxc6 16. Bd4 Bb7 17. Qf3 Rac8 18. Rad1 Ne4 19. Nxe4 dxe4 20. Qh5 Qe8 21.
Qg4 Rxd4 22. Rxd4 Bf6 23. Rd2 e3 24. Re2 Rc5 25. Qg3 Re5 26. Rfe1 h6 27. Rxe3
Rxe3 28. Qxe3 1-0

[Event "Egypt Open 2016"]
[Site "Eastern Company Club"]
[Date "2016.04.24"]
[Round "3"]
[Board "15"]
[White "Fekri, Wael"]
[Black "Ahmed, Ali Layth Ahmed"]
[Result "0-1"]
[WhiteElo "2057"]
[BlackElo "2257"]
[PlyCount "42"]
[EventDate "2016.04.22"]
[EventRounds "9"]
[EventCountry "EGY"]

1. a3 Nf6 2. Nc3 d5 3. f3 e5 4. e4 Bc5 5. Nge2 dxe4 6. b4 Bb6 7. Ng3 exf3 8.
Qxf3 O-O 9. Bd3 Nc6 10. Nce4 Nxe4 11. Bxe4 Nd4 12. Qh5 f5 13. Bd3 Be6 14. c4 g6
15. Qh6 Nb3 16. c5 Qxd3 17. Bb2 f4 18. Bc3 Nxa1 19. Bxe5 Nc2+ 20. Kd1 Ne3+ 21.
Ke1 Nxg2+ 0-1

[Event "Egypt Open 2016"]
[Site "Eastern Company Club"]
[Date "2016.04.24"]
[Round "3"]
[Board "16"]
[White "Amin, Ashraf"]
[Black "Talaat, Moustafa Mohamed"]
[Result "1/2-1/2"]
[WhiteElo "2257"]
[BlackElo "1949"]
[PlyCount "59"]
[EventDate "2016.04.22"]
[EventRounds "9"]
[EventCountry "EGY"]

1. d4 Nf6 2. Nf3 g6 3. Bf4 Bg7 4. e3 O-O 5. Be2 d5 6. h3 c5 7. c3 Qb6 8. Qb3 c4
9. Qa3 Nc6 10. Nbd2 Qd8 11. b3 b5 12. bxc4 bxc4 13. O-O Bf5 14. Ne5 Nxe5 15.
Bxe5 Nd7 16. Bxg7 Kxg7 17. Bf3 Nf6 18. Rfe1 Qd7 19. e4 dxe4 20. Nxe4 Nxe4 21.
Bxe4 Bxe4 22. Rxe4 e6 23. Rb1 Rab8 24. Ree1 Qc7 25. Qa6 Rfd8 26. g3 Rd6 27. Qa4
Rdb6 28. Rxb6 Rxb6 29. h4 Rb2 30. h5 1/2-1/2

[Event "Egypt Open 2016"]
[Site "Eastern Company Club"]
[Date "2016.04.24"]
[Round "3"]
[Board "17"]
[White "Awadhom, Elsayed"]
[Black "Nyazi, Nehad"]
[Result "0-1"]
[WhiteElo "2047"]
[BlackElo "2242"]
[PlyCount "114"]
[EventDate "2016.04.22"]
[EventRounds "9"]
[EventCountry "EGY"]

1. e4 c6 2. d3 d5 3. Nd2 e5 4. Ngf3 Bd6 5. d4 exd4 6. Bd3 Ne7 7. exd5 Nxd5 8.
O-O O-O 9. Ne4 Be7 10. Nxd4 Nb4 11. Be2 c5 12. Nb5 Bf5 13. Qxd8 Rxd8 14. Ng3
Bg6 15. f4 Nxc2 16. f5 Nxa1 17. Nc7 Nc6 18. Nxa8 Rxa8 19. fxg6 hxg6 20. Bc4 Ne5
21. Bd5 Rd8 22. Bxb7 Nc2 23. Be4 Nd4 24. Bf4 Ng4 25. h3 Nf6 26. Bb7 Bd6 27.
Bxd6 Rxd6 28. b3 Rb6 29. Be4 Ne2+ 30. Nxe2 Nxe4 31. Rc1 Ra6 32. Rc2 f5 33. Nc1
Rd6 34. Kh2 g5 35. Ne2 Rd3 36. Nc1 Re3 37. g4 g6 38. Rg2 Kf7 39. gxf5 gxf5 40.
Rc2 Kf6 41. b4 cxb4 42. Nb3 Rc3 43. Re2 Ke5 44. Nd2 a5 45. Kg2 Kf4 46. Nb3 a4
47. Nd4 Rg3+ 48. Kh2 Rd3 49. Nc6 b3 50. Nb4 Rd2 51. Rxd2 Nxd2 52. axb3 Nxb3 53.
Kg2 a3 54. Kf2 Ke4 55. Kg3 Nc1 56. h4 f4+ 57. Kg4 f3 0-1

[Event "Egypt Open 2016"]
[Site "Eastern Company Club"]
[Date "2016.04.24"]
[Round "3"]
[Board "18"]
[White "Ezat, Abdallah"]
[Black "Ibrahim, Emad Eldin"]
[Result "1-0"]
[WhiteElo "2239"]
[BlackElo "1922"]
[PlyCount "81"]
[EventDate "2016.04.22"]
[EventRounds "9"]
[EventCountry "EGY"]

1. d4 Nf6 2. c4 c5 3. d5 b5 4. Nf3 bxc4 5. Nc3 g6 6. e4 d6 7. Bxc4 Bg7 8. Bb5+
Bd7 9. a4 Bxb5 10. axb5 Nfd7 11. O-O O-O 12. Bf4 Qb6 13. Qe2 Bxc3 14. bxc3 f6
15. c4 Qb7 16. Ra5 Nb6 17. Bh6 Re8 18. Nh4 e5 19. Ra3 Nc8 20. Rg3 Kf7 21. f4
exf4 22. Rxf4 Nd7 23. Rgf3 Re5 24. Qf2 Ke7 25. Bg7 Kd8 26. Bxf6+ Nxf6 27. Rxf6
Rxe4 28. Rf8+ Kd7 29. Re3 Re7 30. Qf7 Kc7 31. Rxe7+ Nxe7 32. Qxe7+ Kb6 33.
Qxd6+ Ka5 34. Rxa8 Qxa8 35. Qxc5 Qd8 36. Qa3+ Kb6 37. Nf3 Qb8 38. Qe3+ Kb7 39.
Qe5 Qf8 40. d6 Qh6 41. Qg5 1-0

[Event "Egypt Open 2016"]
[Site "Eastern Company Club"]
[Date "2016.04.24"]
[Round "3"]
[Board "21"]
[White "Kamel, Mahmoud"]
[Black "Youssef, Fady"]
[Result "0-1"]
[WhiteElo "2223"]
[BlackElo "1844"]
[PlyCount "100"]
[EventDate "2016.04.22"]
[EventRounds "9"]
[EventCountry "EGY"]

1. e4 c6 2. Nc3 d5 3. Nf3 Bg4 4. h3 Bxf3 5. Qxf3 Nf6 6. d3 e6 7. g3 Nbd7 8. Bg2
Bb4 9. Bd2 d4 10. Nb1 Bxd2+ 11. Nxd2 O-O 12. O-O b5 13. Qe2 e5 14. f4 Qe7 15.
f5 Nb6 16. g4 c5 17. g5 Nfd7 18. f6 gxf6 19. gxf6 Nxf6 20. Rf5 Ne8 21. Raf1 Ng7
22. Qf2 Rac8 23. Qg3 f6 24. R5f2 Kh8 25. Qh4 Nd7 26. Bf3 Ne6 27. Bg4 Nf4 28.
Qh6 Rg8 29. Kh2 Rg6 30. Qh4 c4 31. dxc4 bxc4 32. Nf3 Qd6 33. Bf5 Rg7 34. Rg1
Rcg8 35. Rg4 Nf8 36. b3 N8g6 37. Qg3 c3 38. Nh4 Nxh4 39. Rxh4 Qe7 40. Rg4 Rxg4
41. hxg4 Qg7 42. Qh4 d3 43. cxd3 Rd8 44. Kg1 Rxd3 45. Rh2 Rd1+ 46. Kf2 c2 47.
Bxh7 Rd2+ 48. Kg3 Rxh2 49. Kxh2 Qxh7 50. Qxh7+ Kxh7 0-1